000 01455naa a22003257i 4500
003 EG-GICUC
005 20260121101428.0
008 251203s1912 us ||||fr|||| ||0 | lat d
040 _aEG-GiCUC
_beng
_cEG-GiCUC
_dEG-GiCUC
_eRda
082 0 4 _221
_a341.60493
_bBA . B
092 0 4 _221
099 _aLaw1 11 341.60493 BA . B 1912
100 1 _aAyala, Balthazar,
_d1548-1584,
_eAuthor.
245 1 0 _aBalthazaris Ayalae i.c. et exercitus regii apud belgas supremi juridici De jure et officiis bellicis et disciplina militari libri III.
_nVolume One /
_cBalthazar Ayala ; edited by John Westlake.
264 1 _aWashington :
_bCarnegie Institution of Washington,
_c1912.
300 _aVarious paging :
_c24 cm.
_bPhotograph ;
336 _2rda contenu
_a texte
337 _2rda medias
_aOrdinateur
338 _2 transporteur rda
_a Ressource en ligne
490 0 _aThe classics of international law.
500 _aText in Latin And introduction in English
504 _aBibliographic references
505 _avol. 1. Reproduction of the first edition, with introduction by John Westlake -- vol. 2. Translation of the text / by John Pawley Bate, with translator's note and index of citations
650 1 4 _aMilitary law
_xPublic international law
_2qrmak
651 1 _2qrmak
700 1 _aWestlake, John,
_d1828-1913,
_eeditor.
856 4 0 _uhttps://fll.law.cu.edu.eg/fulltext/bks/B11-05315.pdf
905 _a75
_eHassnaa
942 _2ddc
_cBK
_e21
_n0
999 _c48268
_d48268